000 00854cam a2200265 i 4500
001 2287207
003 ARRUPE
005 20160412145954.0
008 790515s1977 ru a 000 0deng
010 _a 79304091
015 _aUSSR***
040 _aDLC
_cDLC
_dDLC
041 1 _aengrus
043 _ae-ur---
050 0 0 _aPN2727
_b.F5413
082 0 0 _a792/.028/0924
_aB
100 1 _aFilippov, B. M.
_q(Boris Mikhaĭlovich)
_923717
245 1 0 _aActors without make-up /
_cBoris Filippov ; [translated from the Russian by Kathelene Cook].
260 _aMoscow :
_bProgress Publishers,
_c1977.
300 _a277 p.;
_bill. ;
_c21 cm.
500 _a"Translated into English from the revised Russian edition ... 1977."
650 0 _aActors
_zSoviet Union.
_923718
906 _a7
_bcbc
_corignew
_d4
_encip
_f19
_gy-gencatlg
942 _2lcc
_cMONOGRAPH
999 _c124584
_d124584